<?xml version="1.0" encoding="UTF-8"?>
<record
    xmlns:xsi="http://www.w3.org/2001/XMLSchema-instance"
    xsi:schemaLocation="http://www.loc.gov/MARC21/slim http://www.loc.gov/standards/marcxml/schema/MARC21slim.xsd"
    xmlns="http://www.loc.gov/MARC21/slim">

  <leader>00971nam a2200205 i 4500</leader>
  <controlfield tag="001">24992</controlfield>
  <controlfield tag="003">ES-MaACL</controlfield>
  <controlfield tag="005">20250522063043.0</controlfield>
  <controlfield tag="007">t|</controlfield>
  <controlfield tag="008">021219s1896    sp           ||||1| spa d</controlfield>
  <datafield tag="100" ind1="1" ind2=" ">
    <subfield code="a">Apraiz y S&#xE1;enz del Burgo, Ram&#xF3;n de, </subfield>
    <subfield code="d">1845-1926</subfield>
    <subfield code="9">22128</subfield>
  </datafield>
  <datafield tag="245" ind1="1" ind2="0">
    <subfield code="a">Primer centenario del descubrimiento de la vacuna por Jenner </subfield>
    <subfield code="b">: discurso pronunciado.. el 14 de mayo de 1896 en el sal&#xF3;n de actos p&#xFA;blico del Instituto Provincial por el Centro de vacunaci&#xF3;n animal de &#xC1;lava y el Ateneo de Vitoria / </subfield>
    <subfield code="c">por Ram&#xF3;n Apraiz y Saenz del Burgo.</subfield>
  </datafield>
  <datafield tag="260" ind1=" " ind2=" ">
    <subfield code="a">Vitoria : </subfield>
    <subfield code="b">[s.n.], </subfield>
    <subfield code="c">1896 (</subfield>
    <subfield code="f">Est. tip. de Domingo Sar)</subfield>
  </datafield>
  <datafield tag="300" ind1=" " ind2=" ">
    <subfield code="a">125 p. [1] h. de l&#xE1;m. ; </subfield>
    <subfield code="c">23 cm.</subfield>
  </datafield>
  <datafield tag="500" ind1=" " ind2=" ">
    <subfield code="a">La h. de l&#xE1;m., retrato de Eduardo Jenner.</subfield>
  </datafield>
  <datafield tag="600" ind1="1" ind2="4">
    <subfield code="a">Jenner, Edward (</subfield>
    <subfield code="d">1749-1823)</subfield>
    <subfield code="9">156767</subfield>
  </datafield>
  <datafield tag="650" ind1=" " ind2="4">
    <subfield code="a">Vacuna antivari&#xF3;lica.</subfield>
    <subfield code="9">143031</subfield>
  </datafield>
  <datafield tag="852" ind1=" " ind2=" ">
    <subfield code="a">ES-MaACL</subfield>
    <subfield code="j">T-858-F-6 </subfield>
    <subfield code="z">.- Enc. en un vol. facticio conservando la enc. original</subfield>
  </datafield>
  <datafield tag="999" ind1=" " ind2=" ">
    <subfield code="c">24992</subfield>
    <subfield code="d">24992</subfield>
  </datafield>
  <datafield tag="952" ind1=" " ind2=" ">
    <subfield code="0">0</subfield>
    <subfield code="1">0</subfield>
    <subfield code="4">0</subfield>
    <subfield code="7">0</subfield>
    <subfield code="8">Colecci&#xF3;n_de_folletos</subfield>
    <subfield code="a">ATENEOM</subfield>
    <subfield code="b">ATENEOM</subfield>
    <subfield code="c">DEPOF</subfield>
    <subfield code="d">2008-01-17</subfield>
    <subfield code="e">SC</subfield>
    <subfield code="l">0</subfield>
    <subfield code="o">T-858-F-6</subfield>
    <subfield code="p">1025767</subfield>
    <subfield code="r">2023-02-23 00:00:00</subfield>
    <subfield code="w">2023-02-23</subfield>
    <subfield code="y">FOLLETOS</subfield>
  </datafield>
</record>
